<?xml version="1.0" encoding="UTF-8"?>
<record
    xmlns:xsi="http://www.w3.org/2001/XMLSchema-instance"
    xsi:schemaLocation="http://www.loc.gov/MARC21/slim http://www.loc.gov/standards/marcxml/schema/MARC21slim.xsd"
    xmlns="http://www.loc.gov/MARC21/slim">

  <leader>01424nam a2200181 i 4500</leader>
  <controlfield tag="001">170944</controlfield>
  <controlfield tag="003">ES-MaACL</controlfield>
  <controlfield tag="005">20230906214514.0</controlfield>
  <controlfield tag="008">090417s19091918sp           |||| | spa d</controlfield>
  <datafield tag="080" ind1=" " ind2=" ">
    <subfield code="a">94(460)</subfield>
  </datafield>
  <datafield tag="110" ind1="2" ind2=" ">
    <subfield code="a">Real Academia de la Historia (Espa&#xF1;a)</subfield>
    <subfield code="9">6309</subfield>
  </datafield>
  <datafield tag="245" ind1="1" ind2="0">
    <subfield code="a">Discursos le&#xED;dos ante la Academia de la Historia, </subfield>
    <subfield code="f">1909-1918 /</subfield>
    <subfield code="c">Real Academia de la Historia.</subfield>
  </datafield>
  <datafield tag="260" ind1=" " ind2=" ">
    <subfield code="a">Madrid : </subfield>
    <subfield code="b">[s.n.], </subfield>
    <subfield code="c">1909 (</subfield>
    <subfield code="f">Tip. de Fortanet)</subfield>
  </datafield>
  <datafield tag="300" ind1=" " ind2=" ">
    <subfield code="a">1 v. ; </subfield>
    <subfield code="c">25 cm.</subfield>
  </datafield>
  <datafield tag="505" ind1="8" ind2=" ">
    <subfield code="a">Contiene: El alto Jal&#xF3;n: descubrimientos arqueol&#xF3;gicos / Enrique de Aguilera y Gamboa, Marqu&#xE9;s de Cerralbo (180 p. con il.). El car&#xE1;cter cient&#xED;fico de la Historia / Gumersindo de Azc&#xE1;rate (73 p.). Contestaci&#xF3;n / Rafael Ure&#xF1;a y Smenjaud (p. 75-87). Los Mendoza del siglo XV y el Castillo del Real de Manzanares / Vicente Lamp&#xE9;rez y Romea (86 p. + 13 h. de l&#xE1;m.). Contestaci&#xF3;n / Jos&#xE9; Ram&#xF3;n M&#xE9;lida (p.87-101). Los cronistas valencianos; Necrolog&#xED;a de D. Vicente Vignau y Ballester / Vicente Casta&#xF1;eda y Alcover (256 p.). Discurso / Julio Puyol y Alonso (p. 257-266). Alfonso X, emperador (electo) de Alemania / Antonio Ballesteros y Beretta (83 p.). Contestaci&#xF3;n / Adolfo Bonilla y San Mart&#xED;n (p. 85-96).</subfield>
  </datafield>
  <datafield tag="545" ind1=" " ind2=" ">
    <subfield code="a">El discurso de Vicente Lamp&#xE9;rez y Romea tiene ded. aut&#xF3;grafa al Ateneo de Madrid.</subfield>
  </datafield>
  <datafield tag="852" ind1=" " ind2=" ">
    <subfield code="a">ES-MaACL</subfield>
    <subfield code="j">K-133   </subfield>
    <subfield code="z">- Enc. pasta espa&#xF1;ola   </subfield>
    <subfield code="z">- Dedicatoria aut&#xF3;grafa de Vicente L&#xE1;mperez y Romea</subfield>
  </datafield>
  <datafield tag="999" ind1=" " ind2=" ">
    <subfield code="c">170944</subfield>
    <subfield code="d">170944</subfield>
  </datafield>
  <datafield tag="952" ind1=" " ind2=" ">
    <subfield code="0">0</subfield>
    <subfield code="1">0</subfield>
    <subfield code="4">0</subfield>
    <subfield code="7">0</subfield>
    <subfield code="a">ATENEOM</subfield>
    <subfield code="b">ATENEOM</subfield>
    <subfield code="c">ADM</subfield>
    <subfield code="d">2009-04-17</subfield>
    <subfield code="l">0</subfield>
    <subfield code="o">K-133</subfield>
    <subfield code="p">1179406</subfield>
    <subfield code="r">2023-02-23 00:00:00</subfield>
    <subfield code="w">2023-02-23</subfield>
    <subfield code="y">MONOGRAFIA</subfield>
  </datafield>
</record>
